Suckerpunch - FLETCHER - Statistics

General Stats
  • This quiz has been taken 8 times
  • The average score is 220 of 267
Answer Stats
Hint Answer % Correct
2016
100%
a
100%
Pre-Chorus And
100%
and
100%
back
100%
caught
100%
'em
100%
guard
100%
hit
100%
Pre-Chorus | Verse 1 | Verse 2 I
100%
In
100%
in
100%
June
100%
kiss
100%
like
100%
Chorus Like
100%
me
100%
met
100%
now
100%
of
100%
off
100%
Put
100%
put
100%
right
100%
suckerpunch
100%
Suckerpunch
100%
taxi
100%
the
100%
third
100%
to
100%
up
100%
"We
100%
we
100%
week
100%
you
100%
You
100%
chemistry
83%
dancin'
83%
dancin'"
83%
eyes
83%
go
83%
heart
83%
It
83%
it
83%
just
83%
look
83%
my
83%
Said
83%
should
83%
straight
83%
that
83%
your
83%
bad
67%
could
67%
didn't
67%
hard
67%
know
67%
so
67%
this
67%
can't
50%
From
50%
Post-Chorus Guess
50%
lost
50%
love
50%
make
50%
spent
50%
transit
50%
all
33%
fall
33%
flutterin'
33%
many
33%
on
33%
serotonin
33%
stranded
33%
them
33%
time
33%
was
33%
with
33%
brick
17%
buildin'
17%
But
17%
calls
17%
drunk
17%
found
17%
Had
17%
keep
17%
missed
17%
nights
17%
one
17%
phone
17%
Somehow
17%
stand
17%
these
17%
too
17%
walls
17%
No matching quizzes found
Score Distribution
Percent of People with Each Score
Percentile by Number Answered
Your Score History
You have not taken this quiz